[Event "4NCL Division Three West"]
[Site "Daventry, ENG"]
[Date "2023.01.14"]
[Round "3.62"]
[White "Ethelontis, Alexandros N"]
[Black "Mazek, Marek"]
[Result "0-1"]
[WhiteElo "2051"]
[BlackElo "2006"]
[PlyCount "112"]
[EventDate "2023.01.14"]
[WhiteTeam "Barnet Knights B"]
[BlackTeam "Manchester Manticores"]

1. c4 Nf6 2. g3 e5 3. Bg2 d5 4. cxd5 Nxd5 5. Nf3 Nc6 6. O-O Be7 7. d4 exd4 8.
Nxd4 Nxd4 9. Qxd4 Nf6 10. Qa4+ c6 11. Rd1 Qb6 12. Be3 Bc5 13. Bxc5 Qxc5 14. b4
Qb6 15. Na3 O-O 16. b5 Ng4 17. e3 cxb5 18. Nxb5 Qf6 19. Qf4 Qb2 20. Nd6 Be6 21.
h3 Nf6 22. Qd4 Qe2 23. Nxb7 Rab8 24. g4 h5 25. g5 Nd7 26. a4 Rfc8 27. Rd2 Qa6
28. Nd6 Rd8 29. Rc1 Nb6 30. Rc7 Nc4 31. Rxc4 Bxc4 32. Qxc4 Rxd6 33. Qxa6 Rxa6
34. Rd4 g6 35. h4 Rb1+ 36. Kh2 Ra5 37. Bd5 Ra1 38. Bb3 Kf8 39. Kg3 Ke7 40. Rb4
Rb1 41. Re4+ Kf8 42. Bc2 Rg1+ 43. Kh3 Rf5 44. f4 Rc5 45. Bd3 Rc3 46. Bb5 Re1
47. Re8+ Kg7 48. Ra8 Rexe3+ 49. Kg2 Rc2+ 50. Kf1 Rh3 51. Kg1 Ra3 52. Rxa7 Ra1+
53. Bf1 Rcc1 54. Kf2 Rxf1+ 55. Ke3 Ra3+ 56. Ke4 Rfa1 0-1

[Event "4NCL Division Three West"]
[Site "Daventry, ENG"]
[Date "2023.01.14"]
[Round "3.63"]
[White "Webster, Richard J"]
[Black "Dasgupta, Avyukt"]
[Result "0-1"]
[WhiteElo "1938"]
[BlackElo "1976"]
[PlyCount "222"]
[EventDate "2023.01.14"]
[WhiteTeam "Manchester Manticores"]
[BlackTeam "Barnet Knights B"]

1. d4 e6 2. e4 d5 3. Nd2 dxe4 4. Nxe4 Bd7 5. Nf3 Bc6 6. Bd3 Nd7 7. O-O Ngf6 8.
Ng3 g6 9. Re1 Bg7 10. c3 O-O 11. a4 a5 12. h4 Bd5 13. h5 c5 14. hxg6 hxg6 15.
Ng5 cxd4 16. c4 Bc6 17. Bxg6 fxg6 18. Nxe6 Qb6 19. Nxf8 Rxf8 20. Qd3 Kf7 21.
Ra3 Rd8 22. Qe2 Re8 23. Qd1 Ne5 24. Bf4 Nxc4 25. Rxe8 Nxe8 26. Rb3 Qd8 27. Ne2
Qd5 28. Rg3 Nxb2 29. Qd2 Nxa4 30. Rg5 Qc4 31. Be5 d3 32. Nf4 Bh6 33. Nxg6 Qe4
34. Nh8+ Ke7 35. f3 Qb4 36. Qe3 Bxg5 37. Qxg5+ Ke6 38. Ng6 Qc5+ 39. Kh2 Kd5 40.
Nf4+ Kc4 41. Qg8+ Kb5 42. Nxd3 Qc4 43. Qg6 Nc5 44. Nf4 Kb6 45. Kh3 Nc7 46. Qd6
Nb5 47. Qd8+ Ka7 48. Qb8+ Ka6 49. Qa8+ Na7 50. Bb8 Nd7 51. Qxa7+ Kb5 52. Bc7 b6
53. Bd6 Qg8 54. Qc7 Qe8 55. Kg3 Qe1+ 56. Kh2 a4 57. Ng6 Qe2 58. Kg3 Qe1+ 59.
Kh2 Qe2 60. Kg3 Nf6 61. Ne5 Qe1+ 62. Kh2 Qh4+ 63. Kg1 Qd4+ 64. Kh2 Qc3 65. Bb4
Kxb4 66. Qxb6+ Bb5 67. Qxf6 a3 68. Qd6+ Ka5 69. Qd8+ Kb4 70. Qd6+ Qc5 71. Qd2+
Kb3 72. Qd1+ Kb4 73. Qd2+ Qc3 74. Qd6+ Qc5 75. Qd2+ Ka4 76. Qd1+ Ka5 77. Qd8+
Qb6 78. Qa8+ Kb4 79. Qe4+ Kc3 80. Qe1+ Kc2 81. Qe4+ Kb3 82. Qb1+ Kc3 83. Qc1+
Kb4 84. Qe1+ Ka4 85. Qe4+ Ka5 86. Qa8+ Qa6 87. Qd8+ Kb4 88. Qd4+ Kb3 89. Qd1+
Kb4 90. Qd4+ Kb3 91. Qd1+ Kc3 92. Qa1+ Kd2 93. Qd4+ Bd3 94. Qf2+ Kc3 95. Qc5+
Kb2 96. Qd4+ Kc2 97. Qc5+ Kb1 98. Qb4+ Kc2 99. Qc5+ Kd2 100. Qf2+ Kd1 101. f4
a2 102. Qf3+ Kc2 103. Qf2+ Kb3 104. Nxd3 Qh6+ 105. Kg3 Qg7+ 106. Kh2 a1=Q 107.
Nc5+ Kc4 108. Qe3 Qh6+ 109. Kg3 Qag7+ 110. Kf2 Qb2+ 111. Kg1 Qd4 0-1

[Event "4NCL Division Three West"]
[Site "Daventry, ENG"]
[Date "2023.01.14"]
[Round "3.64"]
[White "Eedle, Eric F"]
[Black "Newton, Robert A"]
[Result "1/2-1/2"]
[WhiteElo "1898"]
[BlackElo "1945"]
[PlyCount "148"]
[EventDate "2023.01.14"]
[WhiteTeam "Barnet Knights B"]
[BlackTeam "Manchester Manticores"]

1. d4 g6 2. e4 Bg7 3. c4 c5 4. d5 b5 5. cxb5 d6 6. Nc3 Nf6 7. Nf3 Nbd7 8. Be2
O-O 9. O-O a6 10. Re1 Ne8 11. a4 h6 12. Ra3 Kh7 13. Qc2 Bb7 14. h3 Nc7 15. Be3
axb5 16. axb5 e6 17. Rxa8 Qxa8 18. dxe6 Nxe6 19. Rd1 Nf6 20. Rxd6 Nxe4 21. Nxe4
Bxe4 22. Qc1 Nd4 23. Nxd4 cxd4 24. Bxd4 Bxg2 25. Bxg7 Kxg7 26. Qc3+ Kh7 27. Qg3
Be4 28. Ra6 Qc8 29. Qc3 Qf5 30. Ra1 h5 31. Qg3 Qf6 32. Rd1 Qxb2 33. Qe3 Qb4 34.
Qd4 Qe7 35. Qd6 Qg5+ 36. Qg3 Qf5 37. Bf1 Ra8 38. h4 Ra4 39. Be2 Ra2 40. Bf1 Rb2
41. Re1 Rb4 42. Qc3 Qg4+ 43. Qg3 Bd5 44. Bg2 Rxb5 45. Bxd5 Rxd5 46. Qxg4 hxg4
47. Kg2 Rd3 48. Re4 f5 49. Re3 Rd4 50. Re7+ Kh6 51. Kg3 Rd3+ 52. Kg2 Rh3 53.
Re8 Rxh4 54. Rh8+ Kg5 55. Rf8 Rh7 56. Rb8 Ra7 57. Rb6 Ra3 58. Rc6 Ra2 59. Rc5
Kh4 60. Rc8 g3 61. Rc4+ Kh5 62. Kxg3 Ra3+ 63. Kg2 g5 64. Rc8 Ra2 65. Rc3 f4 66.
Rh3+ Kg4 67. Rb3 Rc2 68. Ra3 Rc1 69. Rb3 Rc5 70. Ra3 Kf5 71. Ra8 g4 72. Rf8+
Ke4 73. Re8+ Re5 74. Rg8 g3 1/2-1/2

[Event "4NCL Division Three West"]
[Site "Daventry, ENG"]
[Date "2023.01.14"]
[Round "3.65"]
[White "Livesey, R Nigel"]
[Black "Kirupakaran, Vishnu"]
[Result "1-0"]
[WhiteElo "1818"]
[BlackElo "1934"]
[PlyCount "101"]
[EventDate "2023.01.14"]
[WhiteTeam "Manchester Manticores"]
[BlackTeam "Barnet Knights B"]

1. Nf3 d5 2. b3 g6 3. Bb2 Nf6 4. g3 Bg7 5. Bg2 c5 6. O-O O-O 7. d4 cxd4 8. Nxd4
e5 9. Nf3 e4 10. Nd4 Nc6 11. e3 Bg4 12. Qd2 Qd7 13. Nc3 Bh3 14. Nde2 Bxg2 15.
Kxg2 Ne5 16. Nd4 Nf3 17. Qd1 Qg4 18. Nxf3 exf3+ 19. Qxf3 Qxf3+ 20. Kxf3 Ne4 21.
Nxd5 Nd2+ 22. Ke2 Nxf1 23. Ne7+ Kh8 24. Bxg7+ Kxg7 25. Rxf1 Rfd8 26. c4 Rd7 27.
Nd5 b5 28. Kd3 Rc8 29. e4 bxc4+ 30. bxc4 Rb7 31. Kc3 a5 32. Rd1 h5 33. Rd2 a4
34. Nb4 Rbc7 35. Rd4 Rc5 36. a3 f5 37. exf5 Rxf5 38. f4 h4 39. g4 Rfc5 40. Rd7+
Kg8 41. Rd4 Re8 42. Kd2 Re7 43. Nd3 Rc6 44. Ne5 Rb6 45. c5 Rb2+ 46. Kc3 Rb3+
47. Kc2 Rxa3 48. c6 Rb3 49. Rd8+ Kg7 50. Rd7 Rxd7 51. cxd7 1-0

[Event "4NCL Division Three West"]
[Site "Daventry, ENG"]
[Date "2023.01.14"]
[Round "3.66"]
[White "Horan, George"]
[Black "Wilson, Jeff"]
[Result "1-0"]
[WhiteElo "1980"]
[BlackElo "1460"]
[PlyCount "57"]
[EventDate "2023.01.14"]
[WhiteTeam "Barnet Knights B"]
[BlackTeam "Manchester Manticores"]

1. d4 Nf6 2. c4 e6 3. Nf3 d5 4. g3 c6 5. Bg2 Be7 6. O-O O-O 7. Nc3 Nbd7 8. Qc2
a6 9. e4 dxe4 10. Ng5 g6 11. Rd1 Nb6 12. Ncxe4 Nxe4 13. Nxe4 f5 14. Nc5 Qc7 15.
Bf4 Bd6 16. Bxd6 Qxd6 17. f4 Nd7 18. Nb3 Nf6 19. Re1 Qc7 20. Rad1 Kg7 21. Qc3
Rb8 22. Nc5 Re8 23. d5 cxd5 24. cxd5 Qb6 25. Kh1 Kf7 26. dxe6+ Bxe6 27. Nxe6
Rxe6 28. Rxe6 Kxe6 29. Qe5+ 1-0

[Event "4NCL Division Three West"]
[Site "Daventry, ENG"]
[Date "2023.01.15"]
[Round "4.11"]
[White "Pollack, Oscar"]
[Black "Shearsby, Jude"]
[Result "0-1"]
[WhiteElo "2112"]
[BlackElo "2077"]
[PlyCount "66"]
[EventDate "2023.01.15"]
[WhiteTeam "Barnet Knights B"]
[BlackTeam "Warwickshire Select 2"]

1. e4 c5 2. Nf3 d6 3. d4 cxd4 4. Nxd4 Nf6 5. Nc3 a6 6. g3 e5 7. Nb3 Be7 8. Bg2
O-O 9. O-O Be6 10. h3 Nbd7 11. Be3 b5 12. a4 b4 13. Nd5 Nxd5 14. exd5 Bf5 15.
a5 Bg5 16. f4 exf4 17. Bxf4 Bxf4 18. Rxf4 Qg5 19. h4 Qg6 20. Nd4 Bh3 21. Kh2
Bxg2 22. Nf5 Rfe8 23. Kxg2 Ne5 24. h5 Qf6 25. h6 Ng6 26. Rf2 Qg5 27. hxg7 Re5
28. Nd4 Re3 29. Nf5 Nh4+ 30. Nxh4 Rxg3+ 31. Kf1 Rg1+ 32. Ke2 Re8+ 33. Kd3 Qxd5#
0-1

[Event "4NCL Division Three West"]
[Site "Daventry, ENG"]
[Date "2023.01.15"]
[Round "4.12"]
[White "Pal, Rohan"]
[Black "Ethelontis, Alexandros N"]
[Result "1/2-1/2"]
[WhiteElo "2026"]
[BlackElo "2051"]
[PlyCount "80"]
[EventDate "2023.01.15"]
[WhiteTeam "Warwickshire Select 2"]
[BlackTeam "Barnet Knights B"]

1. e4 e6 2. d4 d5 3. Nc3 Bb4 4. Nge2 Nf6 5. e5 Nfd7 6. a3 Be7 7. f4 c5 8. Be3
Nc6 9. g3 a6 10. Bg2 cxd4 11. Nxd4 Bc5 12. Nce2 Nxd4 13. Nxd4 Qc7 14. O-O Nb6
15. b3 Bd7 16. a4 O-O 17. Rf3 Rac8 18. Bf1 f6 19. exf6 Rxf6 20. Qd2 Rcf8 21.
Rf2 e5 22. fxe5 Rxf2 23. Bxf2 Qxe5 24. c3 a5 25. Re1 Qf6 26. Bg2 h6 27. b4 axb4
28. cxb4 Bxb4 29. Qxb4 Qxf2+ 30. Kh1 Nxa4 31. Rf1 Qxf1+ 32. Bxf1 Rxf1+ 33. Kg2
Rf7 34. Qd6 b6 35. Qxd5 Nc5 36. Nf3 Bc8 37. Qd8+ Rf8 38. Qxb6 Bb7 39. Qxc5
Bxf3+ 40. Kg1 Rf6 1/2-1/2

[Event "4NCL Division Three West"]
[Site "Daventry, ENG"]
[Date "2023.01.15"]
[Round "4.13"]
[White "Dasgupta, Avyukt"]
[Black "Dicen, Elis Denele"]
[Result "1-0"]
[WhiteElo "1976"]
[BlackElo "1967"]
[PlyCount "189"]
[EventDate "2023.01.15"]
[WhiteTeam "Barnet Knights B"]
[BlackTeam "Warwickshire Select 2"]

1. d4 d5 2. Bf4 Nf6 3. e3 e6 4. Nf3 Bd6 5. Bxd6 Qxd6 6. c4 dxc4 7. Qa4+ c6 8.
Qxc4 Nbd7 9. Nbd2 O-O 10. g3 e5 11. Bg2 exd4 12. Qxd4 Qe7 13. O-O Nb6 14. Rfd1
Be6 15. Ne4 Nxe4 16. Qxe4 Qf6 17. Qd4 Qe7 18. Qe4 Rfe8 19. Nd4 Qf6 20. Nxe6
Rxe6 21. Qd4 Qxd4 22. Rxd4 Rae8 23. Rad1 g6 24. Bh3 R6e7 25. a4 Nd5 26. Bg2 Nf6
27. Bf3 Kg7 28. Kg2 Re5 29. b4 R8e7 30. Rc1 h6 31. h3 Ne4 32. Rcc4 Nf6 33. Rc1
Ne4 34. Rcc4 Nf6 35. Kf1 Nd7 36. a5 a6 37. Bg2 Nf8 38. e4 Ne6 39. Rd3 g5 40.
Bh1 f6 41. Ke2 f5 42. Ke3 f4+ 43. Kd2 fxg3 44. fxg3 Nf8 45. Bf3 Ng6 46. Bh5 Nf8
47. Rf3 Nd7 48. Re3 Nf6 49. Bf3 Nd7 50. Bg4 Nf6 51. Bf5 Re8 52. Rd3 h5 53. Rcd4
R8e7 54. Rc4 Re8 55. Rdd4 R5e7 56. Kd3 Re5 57. Rd6 R5e7 58. Rcd4 Re5 59. Rd8
R8e7 60. Rb8 Rb5 61. Bc8 Kf7 62. Bf5 Kg7 63. Rbd8 Kf7 64. Rc4 Rc7 65. Rd6 Kg7
66. Kd4 Re7 67. Re6 Rd7+ 68. Kc3 Rf7 69. Rc5 g4 70. Rxb5 axb5 71. hxg4 hxg4 72.
Kd4 Nh5 73. Rg6+ Kf8 74. Rxg4 Ng7 75. Rf4 Ke7 76. Kc5 Kd8 77. Kb6 Re7 78. Rh4
Ne8 79. Rh8 c5 80. Kxc5 Re5+ 81. Kd4 Re7 82. Bg6 Rd7+ 83. Ke3 Re7 84. Rxe8+
Rxe8 85. Bxe8 Kxe8 86. Kd4 Kd7 87. Kc5 Kc7 88. g4 Kb8 89. g5 Ka7 90. g6 Ka6 91.
g7 b6+ 92. Kc6 Ka7 93. g8=Q bxa5 94. Qg7+ Ka6 95. Qb7# 1-0

[Event "4NCL Division Three West"]
[Site "Daventry, ENG"]
[Date "2023.01.15"]
[Round "4.14"]
[White "Sandhu, Manvith"]
[Black "Eedle, Eric F"]
[Result "1-0"]
[WhiteElo "2001"]
[BlackElo "1898"]
[PlyCount "73"]
[EventDate "2023.01.15"]
[WhiteTeam "Warwickshire Select 2"]
[BlackTeam "Barnet Knights B"]

1. e4 c5 2. Nf3 Nc6 3. d4 cxd4 4. Nxd4 Nf6 5. Nc3 e5 6. Ndb5 d6 7. Bg5 a6 8.
Na3 b5 9. Nd5 Be7 10. Bxf6 Bxf6 11. c4 b4 12. Nc2 O-O 13. g3 a5 14. Bg2 Be6 15.
O-O Bg5 16. Qd3 Ra7 17. b3 Kh8 18. Rfd1 Bh6 19. a3 bxa3 20. Nxa3 Bxd5 21. Qxd5
Nd4 22. Nb5 Nxb5 23. cxb5 g6 24. Qxd6 Qxd6 25. Rxd6 Rb8 26. Bf1 Bf8 27. Ra6
Rba8 28. R1xa5 Bc5 29. b4 Bd4 30. Bc4 Kg7 31. Bd5 Rxa6 32. bxa6 Ra7 33. Bb7 Kf6
34. Rd5 Ke7 35. Rxd4 exd4 36. b5 d3 37. Kf1 1-0

[Event "4NCL Division Three West"]
[Site "Daventry, ENG"]
[Date "2023.01.15"]
[Round "4.15"]
[White "Kirupakaran, Vishnu"]
[Black "Green, Anthony J"]
[Result "0-1"]
[WhiteElo "1934"]
[BlackElo "1946"]
[PlyCount "94"]
[EventDate "2023.01.15"]
[WhiteTeam "Barnet Knights B"]
[BlackTeam "Warwickshire Select 2"]

1. e4 d6 2. d4 Nf6 3. Nc3 Nbd7 4. Bc4 e5 5. Nge2 c6 6. Bg5 b5 7. Bb3 Be7 8. Qd2
b4 9. Na4 Nxe4 10. Bxe7 Nxd2 11. Bxd8 Nxb3 12. axb3 Kxd8 13. O-O-O Kc7 14. c4
bxc3 15. bxc3 Rb8 16. Kc2 Nb6 17. dxe5 Bf5+ 18. Kc1 dxe5 19. Nc5 Rbd8 20. h4 h5
21. c4 Rxd1+ 22. Rxd1 Rd8 23. Re1 Bg6 24. f3 Nd7 25. Nxd7 Rxd7 26. Rd1 Rxd1+
27. Kxd1 a5 28. Kd2 Kd6 29. Kc3 f6 30. f4 Kc5 31. fxe5 fxe5 32. Ng1 Be4 33. g3
Bg2 34. Ne2 g6 35. Nc1 Be4 36. Ne2 Kd6 37. Nc1 Ke6 38. b4 axb4+ 39. Kxb4 Kf5
40. Kc5 Bf3 41. Nd3 e4 42. Ne1 Kg4 43. Kxc6 Kxg3 44. Kd6 Kf2 45. Nc2 e3 46. c5
e2 47. c6 Bg4 0-1

[Event "4NCL Division Three West"]
[Site "Daventry, ENG"]
[Date "2023.01.15"]
[Round "4.16"]
[White "Fellowes, Billy"]
[Black "Horan, George"]
[Result "0-1"]
[WhiteElo "1874"]
[BlackElo "1980"]
[PlyCount "212"]
[EventDate "2023.01.15"]
[WhiteTeam "Warwickshire Select 2"]
[BlackTeam "Barnet Knights B"]

1. e4 c5 2. Nf3 d6 3. d4 cxd4 4. Qxd4 Nc6 5. Bb5 Bd7 6. Bxc6 Bxc6 7. Nc3 e6 8.
Bg5 Nf6 9. O-O Be7 10. Rad1 O-O 11. e5 dxe5 12. Qxd8 Rfxd8 13. Nxe5 Be8 14.
Bxf6 Bxf6 15. f4 Rxd1 16. Rxd1 Rd8 17. Rxd8 Bxd8 18. Kf2 f6 19. Nd3 h6 20. b4
g5 21. fxg5 hxg5 22. Nc5 Bb6 23. N3e4 Bg6 24. Ke2 Bxe4 25. Nxe4 Bd8 26. Nc5 Be7
27. Nxe6 Bxb4 28. Kf3 Kh7 29. Ke4 Kg6 30. g4 Bc3 31. Nd8 b5 32. Nc6 a6 33. Ne7+
Kf7 34. Nd5 Be5 35. Kf5 a5 36. h3 b4 37. Nb6 Bc7 38. Nc4 Ke7 39. Nd2 Bb6 40.
Ne4 Bd4 41. Nd2 Bb6 42. Nc4 Bc7 43. a3 bxa3 44. Nxa3 Bd6 45. Nb5 a4 46. Nc3 a3
47. Na2 Be5 48. Ke4 Kd6 49. Kd3 Kc5 50. Nc1 Bd6 51. Na2 Kd5 52. Nc3+ Ke5 53.
Ke3 Bc5+ 54. Kf3 Kd4 55. Na2 Bd6 56. Kf2 Bf4 57. Ke2 Kc4 58. Kf3 Kd4 59. Kf2
Bd2 60. Ke2 Ba5 61. Kf3 Bd2 62. Ke2 Bc3 63. Kf3 Ba5 64. Kf2 Ke4 65. Nc1 Bd2 66.
Na2 Kf4 67. c3 Be3+ 68. Kg2 Ke4 69. Nb4 Ke5 70. Kf3 Bc5 71. Na2 Kd5 72. Ke2 Kc4
73. Kd2 Bd6 74. Kc2 Be5 75. Kd2 Kb3 76. Nc1+ Kb2 77. Nd3+ Kb1 78. Nb4 a2 79.
Nc2 Kb2 80. c4 Kb3 81. c5 a1=Q 82. Nxa1+ Bxa1 83. Kd3 Kb4 84. c6 Be5 85. Ke4
Kc5 86. Kf5 Kxc6 87. Kg6 Kd5 88. Kh5 Ke4 89. h4 Kf4 90. hxg5 fxg5 91. Kh6 Kxg4
92. Kg6 Bf4 93. Kh6 Kf3 94. Kh5 g4 95. Kh4 g3 96. Kh5 g2 97. Kg6 g1=Q+ 98. Kf5
Qc5+ 99. Ke6 Qd6+ 100. Kf5 Qe5+ 101. Kg6 Qe6+ 102. Kg7 Be5+ 103. Kh7 Qf7+ 104.
Kh6 Qg7+ 105. Kh5 Kf4 106. Kh4 Qh7# 0-1

[Event "4NCL Division Three West"]
[Site "Daventry, ENG"]
[Date "2023.01.15"]
[Round "4.21"]
[White "Klein, Raimund"]
[Black "Pitcher, John"]
[Result "0-1"]
[WhiteElo "1976"]
[BlackElo "2204"]
[PlyCount "112"]
[EventDate "2023.01.15"]
[WhiteTeam "Shropshire & Friends"]
[BlackTeam "Warwickshire Select 1"]

1. e4 c5 2. Nf3 e6 3. d4 cxd4 4. Nxd4 Nc6 5. Nb5 d6 6. c4 Nf6 7. N1c3 a6 8. Na3
Be7 9. Be2 O-O 10. O-O b6 11. Be3 Bb7 12. f4 Nb8 13. Bf3 Nbd7 14. Qe2 Rc8 15.
Rfd1 Qc7 16. Rac1 Qb8 17. Nab1 Rfd8 18. Nd2 Bf8 19. g4 Ba8 20. Nf1 Nc5 21. Ng3
Rc7 22. g5 Ne8 23. h4 Nd7 24. a4 Rdc8 25. b3 Nc5 26. Rb1 Bc6 27. f5 Rb7 28. Bg4
d5 29. Bf2 dxe4 30. fxe6 Nxe6 31. Nd5 Rd8 32. Qxe4 Bc5 33. Nf5 Bxf2+ 34. Kxf2
Qh2+ 35. Kf3 Kh8 36. Rh1 Qb8 37. Nfe3 Nc5 38. Qf4 b5 39. axb5 axb5 40. Qxb8
Rdxb8 41. Bf5 Nd6 42. Bc2 bxc4 43. bxc4 Nxc4 44. Rxb7 Rxb7 45. Rd1 Rd7 46. Nxc4
Bxd5+ 47. Kg3 Bxc4 48. Re1 Rd8 49. h5 Kg8 50. Bf5 g6 51. hxg6 hxg6 52. Rc1 Rd4
53. Bc8 Kg7 54. Rc2 Ne6 55. Bxe6 Bxe6 56. Rc5 Rd5 0-1

[Event "4NCL Division Three West"]
[Site "Daventry, ENG"]
[Date "2023.01.15"]
[Round "4.22"]
[White "Baker, Chris W"]
[Black "Higgie, Charles L"]
[Result "1-0"]
[WhiteElo "2243"]
[BlackElo "1902"]
[PlyCount "49"]
[EventDate "2023.01.15"]
[WhiteTeam "Warwickshire Select 1"]
[BlackTeam "Shropshire & Friends"]

1. Nf3 c5 2. c4 Nc6 3. Nc3 e5 4. d3 g6 5. g3 Bg7 6. Bg2 Nge7 7. O-O O-O 8. Rb1
Re8 9. a3 d5 10. Nxd5 Nxd5 11. cxd5 Qxd5 12. Be3 Qd6 13. Nd2 b6 14. Ne4 Qc7 15.
Rc1 f5 16. Ng5 h6 17. Qb3+ Kh8 18. Qf7 Bd7 19. Qxg6 hxg5 20. Bd5 Be6 21. Bxe6
Rxe6 22. Qxe6 f4 23. Bxc5 bxc5 24. Rxc5 fxg3 25. hxg3 1-0

[Event "4NCL Division Three West"]
[Site "Daventry, ENG"]
[Date "2023.01.15"]
[Round "4.23"]
[White "Grillage, Andrew"]
[Black "Shephard, Chris C W"]
[Result "1/2-1/2"]
[WhiteElo "1937"]
[BlackElo "2194"]
[PlyCount "53"]
[EventDate "2023.01.15"]
[WhiteTeam "Shropshire & Friends"]
[BlackTeam "Warwickshire Select 1"]

1. d4 Nf6 2. Nf3 c5 3. d5 d6 4. c4 e5 5. dxe6 Bxe6 6. Nc3 d5 7. cxd5 Nxd5 8.
Ng5 Nc6 9. Nxe6 fxe6 10. a3 Nxc3 11. Qxd8+ Rxd8 12. bxc3 Be7 13. Rb1 Bf6 14.
Bd2 Na5 15. e4 c4 16. f4 e5 17. f5 b6 18. Be3 Rc8 19. Be2 O-O 20. O-O Be7 21.
Rb5 Bxa3 22. Rxe5 Bb2 23. Bd4 Nb3 24. Rd5 Nxd4 25. Rxd4 Bxc3 26. Rxc4 Rfe8 27.
Kf2 1/2-1/2

[Event "4NCL Division Three West"]
[Site "Daventry, ENG"]
[Date "2023.01.15"]
[Round "4.24"]
[White "James, Russell A"]
[Black "Pugh, Glyn D"]
[Result "1-0"]
[WhiteElo "2079"]
[BlackElo "1843"]
[PlyCount "57"]
[EventDate "2023.01.15"]
[WhiteTeam "Warwickshire Select 1"]
[BlackTeam "Shropshire & Friends"]

1. e4 e6 2. d4 d5 3. e5 c5 4. c3 Nc6 5. Nf3 Bd7 6. Be2 h6 7. O-O g5 8. h3 Nge7
9. Re1 Ng6 10. Bd3 Rg8 11. dxc5 Bxc5 12. b4 Be7 13. Na3 a6 14. b5 Na5 15. bxa6
bxa6 16. Nc2 Qc7 17. Rb1 Nc4 18. Qe2 Bb5 19. Ncd4 Qa5 20. Nxb5 axb5 21. Bxg6
Rxg6 22. Nd4 Qxa2 23. Qxa2 Rxa2 24. Rxb5 Ra8 25. g4 Bd8 26. Rb7 Rc8 27. Nb5 Be7
28. Kg2 f6 29. Nd6+ 1-0

[Event "4NCL Division Three West"]
[Site "Daventry, ENG"]
[Date "2023.01.15"]
[Round "4.25"]
[White "Bryant, Richard B E"]
[Black "Brooks, Phil J"]
[Result "0-1"]
[WhiteElo "1833"]
[BlackElo "2125"]
[PlyCount "90"]
[EventDate "2023.01.15"]
[WhiteTeam "Shropshire & Friends"]
[BlackTeam "Warwickshire Select 1"]

1. d4 e6 2. c4 d5 3. Nc3 c6 4. e4 dxe4 5. Nxe4 Bb4+ 6. Bd2 Qxd4 7. Bxb4 Qxe4+
8. Be2 Na6 9. Ba5 b6 10. Bc3 Bb7 11. Nf3 Nf6 12. O-O Rd8 13. Nd2 Qf4 14. Bf3
O-O 15. Qe2 Rd7 16. Rad1 c5 17. Be5 Qf5 18. Bxb7 Rxb7 19. Nf3 Nb4 20. b3 h6 21.
a3 Nc6 22. Ba1 Rd7 23. Rxd7 Nxd7 24. Rd1 Nf6 25. Qb2 Rd8 26. Rxd8+ Nxd8 27. h3
Nc6 28. b4 Qd3 29. Nd2 Nd4 30. bxc5 bxc5 31. a4 Kh7 32. a5 a6 33. Kh2 Qe2 34.
Qb1+ g6 35. Qb7 Kg7 36. Bxd4 cxd4 37. c5 Qxd2 38. c6 Nd5 39. Qxa6 Qxf2 40. Qd3
Qf4+ 41. g3 Qf2+ 42. Kh1 Qe1+ 43. Kh2 Qc3 44. Qe4 d3 45. a6 Qb2+ 0-1

[Event "4NCL Division Three West"]
[Site "Daventry, ENG"]
[Date "2023.01.15"]
[Round "4.26"]
[White "Page, Mark E"]
[Black "Bailey, Adrian"]
[Result "1-0"]
[WhiteElo "2145"]
[BlackElo "1820"]
[PlyCount "81"]
[EventDate "2023.01.15"]
[WhiteTeam "Warwickshire Select 1"]
[BlackTeam "Shropshire & Friends"]

1. e4 e5 2. Nf3 Nf6 3. d4 exd4 4. e5 Nd5 5. Qxd4 Nb6 6. Nc3 Nc6 7. Qe4 Be7 8.
Bf4 O-O 9. O-O-O f5 10. Qe3 d5 11. exd6 Bxd6 12. Bxd6 cxd6 13. Qf4 d5 14. h4
Be6 15. Nb5 Qd7 16. Nbd4 Rad8 17. Bb5 Qd6 18. Nxe6 Qxe6 19. Rhe1 Qd6 20. Qxd6
Rxd6 21. c4 Rc8 22. c5 Nb4 23. Re8+ Rxe8 24. Bxe8 Rd8 25. cxb6 Rxe8 26. a3 Nc6
27. bxa7 Nxa7 28. Rxd5 g6 29. Rd7 Rb8 30. Ne5 Rc8+ 31. Kd2 Nc6 32. Nxc6 bxc6
33. a4 Ra8 34. b3 Ra5 35. Kd3 Re5 36. Rc7 Re4 37. a5 Rb4 38. a6 Rxb3+ 39. Kc4
Rb8 40. a7 Ra8 41. Rb7 1-0

[Event "4NCL Division Three West"]
[Site "Daventry, ENG"]
[Date "2023.01.15"]
[Round "4.31"]
[White "Ogunshola, Ben"]
[Black "Freeland, Alex"]
[Result "1-0"]
[WhiteElo "2140"]
[BlackElo "2093"]
[PlyCount "75"]
[EventDate "2023.01.15"]
[WhiteTeam "Brown Jack"]
[BlackTeam "West is Best 2"]

1. c4 e5 2. g3 Nf6 3. Bg2 c6 4. d4 e4 5. Nc3 d5 6. Bg5 Nbd7 7. cxd5 cxd5 8. Nh3
Bd6 9. O-O h6 10. Bf4 Nb6 11. Be5 Be6 12. Nf4 Bxe5 13. dxe5 Ng4 14. Qd4 Rc8 15.
b3 g5 16. Nxe6 fxe6 17. Nb5 Nd7 18. Nd6+ Ke7 19. Nxc8+ Qxc8 20. Qxa7 Ngxe5 21.
Rfc1 Qa8 22. Qd4 Rf8 23. a4 Qa6 24. Rc2 Ng4 25. f3 exf3 26. Bxf3 Nge5 27. Bh5
Nc6 28. Qg7+ Kd6 29. Bf3 Qb6+ 30. Kg2 Qxb3 31. Rb2 Qc4 32. Rxb7 Nce5 33. Rab1
Rxf3 34. R1b6+ Kc5 35. Qe7+ Kd4 36. Rb4 Ke3 37. Rxc4 Rf2+ 38. Kg1 1-0

[Event "4NCL Division Three West"]
[Site "Daventry, ENG"]
[Date "2023.01.15"]
[Round "4.32"]
[White "Southcott-Moyers, Indy"]
[Black "Headlong, Timothy"]
[Result "1/2-1/2"]
[WhiteElo "2156"]
[BlackElo "2064"]
[PlyCount "131"]
[EventDate "2023.01.15"]
[WhiteTeam "West is Best 2"]
[BlackTeam "Brown Jack"]

1. d4 d5 2. c4 e6 3. Nc3 c5 4. cxd5 exd5 5. Nf3 Nc6 6. g3 Nf6 7. Bg2 Be7 8. O-O
O-O 9. Bg5 cxd4 10. Nxd4 h6 11. Be3 Re8 12. h3 Bf8 13. Rc1 Be6 14. Na4 Qd7 15.
Kh2 Ne5 16. Nxe6 fxe6 17. Nc5 Bxc5 18. Bxc5 Nc6 19. e4 dxe4 20. Qxd7 Nxd7 21.
Bxe4 Nxc5 22. Bxc6 bxc6 23. Rxc5 Red8 24. Rfc1 Rab8 25. R1c2 Rb6 26. Kg2 Rd6
27. Ra5 Rd7 28. Rac5 Rd6 29. Kf3 Kf7 30. b3 Ra6 31. R5c4 Kf6 32. Rf4+ Ke7 33.
Rb4 Rd7 34. Ke3 Rd5 35. Rg4 Kf6 36. Rgc4 c5 37. h4 Ra3 38. R4c3 Ra5 39. a4 Re5+
40. Kd2 Kf5 41. Rc4 Kf6 42. R2c3 Rf5 43. Ke2 Re5+ 44. Re3 Rf5 45. Rec3 Re5+ 46.
Kf3 Rf5+ 47. Ke3 Re5+ 48. Kd2 Rf5 49. f4 Rd5+ 50. Ke3 Kf5 51. Kf3 h5 52. Re4
Ra6 53. Rec4 Ra5 54. Re3 Ra6 55. Rce4 Kf6 56. g4 hxg4+ 57. Kxg4 Rd1 58. Rc3 Rd5
59. Rec4 Ra5 60. Re3 Ra6 61. Rec3 Ra5 62. Re4 Ra6 63. Re5 Rxe5 64. fxe5+ Kxe5
65. Rxc5+ Kf6 66. Rb5 1/2-1/2

[Event "4NCL Division Three West"]
[Site "Daventry, ENG"]
[Date "2023.01.15"]
[Round "4.33"]
[White "Conterno, Dominique"]
[Black "Taylor, William J"]
[Result "1/2-1/2"]
[WhiteElo "1847"]
[BlackElo "2072"]
[PlyCount "39"]
[EventDate "2023.01.15"]
[WhiteTeam "Brown Jack"]
[BlackTeam "West is Best 2"]

1. e4 e5 2. Nf3 Nf6 3. Nc3 Bd6 4. Bc4 O-O 5. O-O Nc6 6. Re1 Re8 7. Ng5 Re7 8.
Nd5 Nxd5 9. exd5 Nd4 10. c3 Nf5 11. Bd3 g6 12. Bxf5 gxf5 13. Nxh7 Kxh7 14. Qh5+
Kg8 15. Qg5+ Kf8 16. Qh6+ Kg8 17. Re3 e4 18. Qg5+ Kf8 19. Qh6+ Kg8 20. Qg5+
1/2-1/2

[Event "4NCL Division Three West"]
[Site "Daventry, ENG"]
[Date "2023.01.15"]
[Round "4.34"]
[White "Saunders, Aron"]
[Black "Headlong, Georgia"]
[Result "1-0"]
[WhiteElo "2052"]
[BlackElo "1711"]
[PlyCount "135"]
[EventDate "2023.01.15"]
[WhiteTeam "West is Best 2"]
[BlackTeam "Brown Jack"]

1. e4 e5 2. Nf3 Nf6 3. d4 Nxe4 4. Bd3 d5 5. Nxe5 Nd7 6. Nc3 Nxc3 7. bxc3 Nxe5
8. dxe5 Bc5 9. O-O O-O 10. Rb1 Qh4 11. Qf3 c6 12. Be3 b6 13. Rfe1 Be7 14. Qd1
Bd8 15. g3 Qg4 16. Be2 Qg6 17. Bh5 Qe6 18. f4 Bc7 19. Bf3 Bb7 20. Bf2 Rad8 21.
Bg4 Qe7 22. Qe2 Bc8 23. Bf3 f6 24. exf6 Qxe2 25. Rxe2 Rxf6 26. Rbe1 Kf8 27. Bd4
Rf7 28. c4 Ba6 29. Re6 c5 30. Bxc5+ bxc5 31. Rxa6 dxc4 32. Rxa7 Rfd7 33. Bg4
Rf7 34. Re4 Bb6 35. Rxf7+ Kxf7 36. Be6+ Kf8 37. Bxc4 Rd2 38. Re2 Rd4 39. Bb5
Rb4 40. c4 Rb1+ 41. Kg2 Ba5 42. Kf3 Bb4 43. Kg4 Rd1 44. Bc6 Rd6 45. Bd5 Rg6+
46. Kf3 Ra6 47. Be4 h6 48. h4 Bc3 49. g4 Bd4 50. g5 h5 51. Kg2 Rb6 52. f5 Rb4
53. Bd5 Rb6 54. Bf3 Rb8 55. Bxh5 Ra8 56. Bg6 Rb8 57. Kf3 Ra8 58. a4 Rb8 59. Re6
Bc3 60. Ke4 Rd8 61. h5 Bd2 62. f6 Bxg5 63. f7 Be7 64. Rc6 Ra8 65. a5 Rd8 66. a6
Bd6 67. a7 Ke7 68. Bf5 1-0